000 00841nam0a22002651 4500
001 rc\4877
005 20250620111816.0
010 _a5-335-00500-9
_91500
035 _a(NLR Aleph) 005294920
090 _a6228905
_c6228905
100 _a20021204d1991 |||y0rusy50 ca
101 0 _arus
102 _aRU
105 _aa |||||||||
200 1 _aОхрана выработок глубоких шахт в зонах разгрузки
210 _aКиев
_cТэхника
_d1991
215 _a247, [1] с.
_cил.
_d17
320 _aБиблиогр.: с. 243-246 (47 назв.)
700 1 _aЗборщик
_bМ.П.
_gМихаил Павлович
701 1 _aНазимко
_bВ.В.
_gВиктор Викторович
801 0 _aRU
_bNLR
_gpsbo
801 1 _aRU
_bELAR
_2rusmarc
852 _aNLR
_j91-2/480
942 _cBOOK
980 _aNB